Online
Catalog

5to. concurso de cuentos Radio Santa María 1997 / (Record no. 56681)

MARC details
000 -CABECERA
campo de control de longitud fija 01512nam a2200301 i 4500
003 - IDENTIFICADOR DEL NÚMERO DE CONTROL
campo de control DO-SdBNP
005 - FECHA Y HORA DE LA ÚLTIMA TRANSACCIÓN
campo de control 20240517093633.0
006 - CÓDIGOS DE INFORMACIÓN DE LONGITUD FIJA--CARACTERÍSTICAS DEL MATERIAL ADICIONAL
campo de control de longitud fija a||||gr|||| 00| 0
007 - CAMPO FIJO DE DESCRIPCIÓN FÍSICA--INFORMACIÓN GENERAL
campo de control de longitud fija ta
008 - DATOS DE LONGITUD FIJA--INFORMACIÓN GENERAL
campo de control de longitud fija 240516e1998 dr a|||| |||| 00| j spa d
040 ## - FUENTE DE LA CATALOGACIÓN
Centro catalogador/agencia de origen DO-SdBNP
Lengua de catalogación spa
Centro/agencia transcriptor BNPHU
Normas de descripción rda
082 #4 - NÚMERO DE LA CLASIFICACIÓN DECIMAL DEWEY
Número de edición 22
Número de documento/Ítem Q7c
245 00 - MENCIÓN DE TÍTULO
Título 5to. concurso de cuentos Radio Santa María 1997 /
Mención de responsabilidad, etc. Gráfica, Homero Herrera, Martha de Olloquí y Alexandra Álvarez; diseño y cuidad de edición, Carlos Fernández-Rocha; presentación, P. José Somoza
246 03 - FORMA VARIANTE DE TÍTULO
Título propio/Titulo breve Antología - quinto concurso de cuentos 1997 Radio Santa María.
264 #1 - PRODUCCIÓN, PUBLICACIÓN, DISTRIBUCIÓN, FABRICACIÓN Y COPYRIGHT
Producción, publicación, distribución, fabricación y copyright Santo Domingo :
Nombre del de productor, editor, distribuidor, fabricante Amigo del Hogar,
Fecha de producción, publicación, distribución, fabricación o copyright 1998.
300 ## - DESCRIPCIÓN FÍSICA
Extensión 107 páginas :
Otras características físicas ilustraciones ;
Dimensiones 22 cm.
336 ## - TIPO DE CONTENIDO
Fuente rdacontent
Término de tipo de contenido texto
Código de tipo de contenido txt
337 ## - TIPO DE MEDIO
Fuente rdamedia
Nombre/término del tipo de medio sin mediación
Código del tipo de medio n
338 ## - TIPO DE SOPORTE
Fuente rdacarrier
Nombre/término del tipo de soporte volumen
Código del tipo de soporte nc
505 ## - NOTA DE CONTENIDO CON FORMATO
Nota de contenido con formato I Cuentos Premiados:
Título Por el treyecto de la madrugada.-- Delirium.-- La Mudanza.-- El Círculo Infinito.-- El último recodo de la luz.
Información miscelánea II Menciones:
Título El Recuerdo de Asdrúbal.-- Pasión de la Noche.-- 24 de diciembre.-- La Carta.-- Donde pueda, chofer.
Información miscelánea III Anexos:
Título "La experiencia del Concurso de Cuentos de Radio Santa María".-- Acta Única.
590 ## - NOTA LOCAL (RLIN)
Nota local Inventariado 2024 / MF
700 1# - PUNTO DE ACCESO ADICIONAL--NOMBRE DE PERSONA
Nombre de persona Herrera, Homero,
9 (RLIN) 28003
Término indicativo de función/relación ilustrador,
700 1# - PUNTO DE ACCESO ADICIONAL--NOMBRE DE PERSONA
Nombre de persona Olloquí, Martha,
Término indicativo de función/relación ilustrador
9 (RLIN) 85491
700 ## - PUNTO DE ACCESO ADICIONAL--NOMBRE DE PERSONA
Nombre de persona Alvarez, Alexandra,
Fechas asociadas al nombre 1946-
9 (RLIN) 27926
Término indicativo de función/relación ilustrador
700 1# - PUNTO DE ACCESO ADICIONAL--NOMBRE DE PERSONA
Nombre de persona Fernández-Rocha, Carlos,
9 (RLIN) 6526
Término indicativo de función/relación editor
700 1# - PUNTO DE ACCESO ADICIONAL--NOMBRE DE PERSONA
Nombre de persona Somoza, P. José,
Término indicativo de función/relación prólogo
9 (RLIN) 85492
942 ## - ELEMENTOS DE PUNTO DE ACCESO ADICIONAL (KOHA)
Fuente del sistema de clasificación o colocación Dewey Decimal Classification
Tipo de ítem Koha Libro
Holdings
Estado de retiro Estado de pérdida Fuente del sistema de clasificación o colocación Restricciones de uso No para préstamo Código de colección Localización permanente Ubicación/localización actual Ubicación en estantería Fecha de adquisición Fuente de adquisición Total de préstamos Signatura topográfica completa Código de barras Fecha visto por última vez Precio válido a partir de Tipo de ítem Koha
    Dewey Decimal Classification Excluido de préstamo   Patrimonio Dominicano Biblioteca Nacional Pedro Henríquez Ureña Biblioteca Nacional Pedro Henríquez Ureña En catalogación 06.12.2018 Doado por Nieves Lidia Emeterio Rondón   Q7c 2024-3006 16.05.2024 16.05.2024 Libro

Powered by Koha